Responses for show #2708 - Wednesday, May 15, 1996

1996 Teen Tournament semifinal game 3.

Contestants

[<< previous game]

Julee Baber, a senior from Winchester, Kentucky

Ben Healy, a junior from Hinsdale, Illinois

Derek Bridges, a junior from Greensburg, Pennsylvania

[next game >>]

Jeopardy! Round responses

THE INSECT WORLD
RAIDS
BAKING
RECREATION
GOVERNMENT & POLITICS
ANAGRAMS
    $100 21
eggs

Derek
    $100 1
the Great Wall of China

Julee
    $100 23
a cookie

Ben
    $100 4
golf

Derek
    $100 11
Grant

Derek
    $100 16
a bus (from sub)

Julee
    $200 22
the moth

Derek
    $200 2
(Julee: What is Germany?)

South Africa

DerekJulee
    $200 26
olive oil

Julee
    $200 7
surfing

Ben
    $200 12
Newt Gingrich

Julee
    $200 17
(Ben: Who is [*] Moore?)

Demi (from dime)

Ben
    $300 24
a cockroach

Ben
    $300 3
(Julee: Who is John Paul Jones?)

John Brown

BenJulee
    $300 27
a cake

Ben
    $300 8
backpacking

Ben
    $500 13
8

Julee
    $300 18
a diaper (from repaid)

Derek
    $400 25
royal jelly

Derek
    $400 5
Lot

Triple Stumper
    $400 29
challah

Ben
    $400 9
badminton

Ben
    $400 14
Ross Perot

Derek
    $400 19
Leo (from ole)

Ben
    $500 28
wings

Julee
    $500 6
Nicaragua

Ben
    $500 30
an eclair

Julee
    $500 10
a trampoline

Julee
    $500 15
the Interior

Julee
    $500 20
Niles (from lines)

Derek

Scores at the first commercial break (after clue 15):

Derek Ben Julee
$800 $1,700 $1,300

Scores at the end of the Jeopardy! Round:

Derek Ben Julee
$2,300 $3,400 $2,600

Double Jeopardy! Round responses

CHARLES DICKENS
CAPITAL CITIES
NOTABLE WOMEN
COMPUTERS
GEMS & JEWELRY
THE 5th
    $200 3
two

Julee
    $200 2
Berlin

Ben
    $200 13
Barbara Bush

Julee
    $200 10
laptops

Derek
    $200 24
an emerald

Julee
    $200 30
Napoleon Bonaparte

Julee
    $400 4
Ebenezer Scrooge

Ben
    $400 7
Rome

Julee
    $400 14
Madame Tussaud

Ben
    $400 11
a modem

Ben
    $400 26
the diamond

Derek
    $2,000 29
the Prohibition

Ben
    $600 5
a debtor's prison

Ben
    $2,000 1
Lima (Peru)

Derek
    $600 15
Carrie Nation

Derek
    $600 16
(Julee: What is America Online?)
(Derek: What is Prodigy?)

CompuServe

DerekBenJulee
    $600 23
(Julee: What is a ruby?)

an opal

BenJulee
    $600 27
Churchill

Derek
    $800 6
Oliver Twist

Derek
    $800 8
Ben: What is Stockholm?)
(Julie: What is Oslo?)
(Derek: What is Helsinki?)
...
(Alex: No harm, no foul on that; you each lost the same amount.)

Copenhagen (in Denmark)

DerekBenJulee
Triple Stumper
    $800 17
Amy Tan

Ben
    $800 19
nanoseconds

Ben
    $800 25
the garnet

Ben
    $800 21
Monroe

Julee
    $1000 12
(Ben: What is Dombey and Son?)

Hard Times

Ben
Triple Stumper
    $1000 9
Kiev

Derek
    $1000 18
Benazir Bhutto

Derek
    $1000 20
a font

Derek
    $1000 28
sapphires

Ben
    $1000 22
Guy Fawkes

Derek

Scores at the end of the Double Jeopardy! Round:

Derek Ben Julee
$9,500 $10,200 $2,600

[wagering suggestions for these scores]

Final Jeopardy! Round responses

PATRIOTIC PLACES
(Julee: He's my academic coach.)
JuleeWhat is Sandy Stults
$0
DerekWhat is Valley Forge?
$9,500
BenWhat is Bull Run?
$8,801
Valley Forge

Final scores:

Derek Ben Julee
$19,000 $1,399 $2,600
Finalist 3rd place: $5,000 2nd place: $5,000

Game dynamics:

Coryat scores:

Derek Ben Julee
$8,100 $8,600 $2,400
19 R
(including 1 DD),
2 W
23 R
(including 1 DD),
2 W
15 R
(including 1 DD),
5 W

Combined Coryat: $19,100

The J! Archive is created by fans, for fans. The Jeopardy! game show and all elements thereof, including but not limited to copyright and trademark thereto, are the property of Jeopardy Productions, Inc. and are protected under law. This website is not affiliated with, sponsored by, or operated by Jeopardy Productions, Inc. Join the discussion at JBoard.tv.